|
|
|
|
| LEADER |
00000nam0a2200000 4500 |
| 001 |
358230 |
| 005 |
20231102011055.0 |
| 035 |
|
|
|a (RuTPU)RU\TPU\retro\15498
|
| 090 |
|
|
|a 358230
|
| 100 |
|
|
|a 20200814d1911 m y0rusy50 ca
|
| 101 |
0 |
|
|a rus
|
| 102 |
|
|
|a UA
|
| 105 |
|
|
|a a j 001zy
|
| 200 |
1 |
|
|a Минералогия и геология
|e для средних учебных заведений
|e с 300 рисунками в тексте
|f А. В. Нечаев
|
| 205 |
|
|
|a 4-е изд., испр. и доп.
|
| 210 |
|
|
|a Киев
|c Издание Пироговского Т=ва
|d 1911
|
| 215 |
|
|
|a 224 с.
|c ил.
|
| 300 |
|
|
|a Текст в русской дореформенной орфографии
|
| 316 |
|
|
|5 63413507: 21//432
|a На авантитуле и титульном листе надпись: "Ма[нрзб] книга 17/II 1928"
|
| 316 |
|
|
|5 63413507: 21//432
|a Множественные пометы в тексте
|
| 316 |
|
|
|5 63413507: 21//432
|a На авантитуле, титульном листе и далее владельческий штемпель Минералогического кабинета Томского Технологического Института
|
| 317 |
|
|
|5 63413507: 21//432
|a Поступил в НТБ в 1945 г. в составе книжного собрания профессора ТПИ А. В. Лаврского
|
| 320 |
|
|
|a Предм. указ.: с. 217-220
|
| 606 |
1 |
|
|a Минералогия
|2 stltpush
|3 (RuTPU)RU\TPU\subj\43907
|9 63333
|
| 606 |
1 |
|
|a Геология
|2 stltpush
|3 (RuTPU)RU\TPU\subj\6095
|9 34054
|
| 610 |
1 |
|
|a кристаллы
|
| 610 |
1 |
|
|a кристаллография
|
| 610 |
1 |
|
|a кристаллические системы
|
| 610 |
1 |
|
|a описание
|
| 610 |
1 |
|
|a минералогические исследования
|
| 610 |
1 |
|
|a минералы
|
| 610 |
1 |
|
|a химические свойства
|
| 610 |
1 |
|
|a горные породы
|
| 610 |
1 |
|
|a Земной шар
|
| 610 |
1 |
|
|a вулканизм
|
| 610 |
1 |
|
|a сейсмические явления
|
| 610 |
1 |
|
|a строение
|
| 610 |
1 |
|
|a историческая геология
|
| 610 |
1 |
|
|a учебные пособия
|
| 610 |
1 |
|
|a Коллекция А. В. Лаврского
|
| 610 |
1 |
|
|a владельческие знаки
|
| 675 |
|
|
|a 549(075.4)
|v 4
|
| 675 |
|
|
|a 55(075.4)
|v 4
|
| 700 |
|
1 |
|a Нечаев
|b А. В.
|g Алексей Васильевич
|
| 801 |
|
1 |
|a RU
|b 63413507
|c 20200814
|
| 801 |
|
2 |
|a RU
|b 63413507
|c 20211006
|g RCR
|
| 942 |
|
|
|c BK
|